| 000 | 00643nam a2200217 u 4500 | ||
|---|---|---|---|
| 005 | 20240803063727.0 | ||
| 008 | 120625s2006 es r 000 0 spa d | ||
| 020 | _a8497648064 | ||
| 035 | _aUPN01000185368 | ||
| 049 | _aCG | ||
| 050 | 4 |
_aPQ6529 I8 _bF3.2 |
|
| 100 | 1 |
_aIriarte y Oropesa, Tomás de, _d1750-1791 _932516 |
|
| 245 | 1 | 0 |
_aFábulas literarias / _cTómas de Iriarte. |
| 260 |
_aMadrid : _bEdimat Libros, _c2006. |
||
| 300 | _a122 p. | ||
| 440 | 0 |
_aClásicos de la literatura. _pNarrativa |
|
| 650 | 4 |
_aLITERATURA ESPAÑOLA - _ySIGLO XVIII _916629 |
|
| 650 | 4 |
_aPoesía española _91237 |
|
| 905 | _aLibro | ||
| 999 |
_c157471 _d157471 |
||